Cell Death Signaling in Cancer Biology and Treatment

Gespeichert in:
Bibliographische Detailangaben
Format: Buch
Sprache:Slowakisch
Veröffentlicht: : Springer, 2013
Schlagworte:
ISBN:9781461458470
Online-Zugang: Volltext
Tags: Tag hinzufügen
Keine Tags, Fügen Sie den ersten Tag hinzu!

MARC

LEADER 00000nam a2200000 4500
003 SK-BrCVT
005 20220618104328.0
006 m####e######000#0#
007 ta
008 171113s###############e######000#0#slo#d
020 |a 9781461458470 
035 |a CVTIDW04221 
040 |a CVTISR  |b slo  |e AACR2 
080 |a 616-006 
245 1 |a Cell Death Signaling in Cancer Biology and Treatment  |c Editors: Daniel E. Johnson  |h [elektronický zdroj] 
260 |a  :  |b Springer,  |c 2013 
653 1 |a apoptosis  |a cancer research  |a cell biology 
856 4 |u http://ezproxy.cvtisr.sk/login.php?url=https://ezproxy.cvtisr.sk:2389/book/10.1007/978-1-4614-5847-0 
910 |b ZE02515 
919 |a 978-1-4614-5847-0 
974 |a gabriela.miklankova  |f Elektronické zdroje 
999 |c 250664  |d 250664